Advanced Processes and Technologies in Welding and Allied Processes
Salvato in:
| Ente Autore: | |
|---|---|
| Natura: | Atti del Convegno Libro |
| Lingua: | inglese |
| Pubblicazione: |
IIW/IIS,
2002
|
| Soggetti: | |
| Tags: |
Nessun Tag, puoi essere il primo ad aggiungerne!!
|
MARC
| LEADER | 00000nam a22000003a 4500 | ||
|---|---|---|---|
| 001 | stu76387 | ||
| 005 | 20141121223043.2 | ||
| 008 | 020701s2002------------------------eng-d | ||
| 040 | |a STU |b slo | ||
| 041 | 0 | |a eng | |
| 080 | |a 621.7(082) | ||
| 111 | 2 | |a IIW International Conference |d (24-25 June 2002 : |c Denmark, Copenhagen) | |
| 245 | |a Advanced Processes and Technologies in Welding and Allied Processes | ||
| 260 | |b IIW/IIS, |c 2002 | ||
| 300 | |a nestr | ||
| 650 | 7 | |a zváranie |2 stusub | |
| 996 | |b 284M050227 |c M*Z-2080 |l MMKN |s A |a 24 |w stu76387_0001 | ||